000 00595nam a2200169Ia 4500
005 20241204103444.0
008 230117s9999 xx 000 0 und d
020 _a9788189187477
080 _a89H.09
_bSAN/UP
100 _aSandhya Dutta Kadam
245 0 _aUpanyaskar Sushila Takbhaure Evam Nari Asmita(उपन्यासकार सूरीला टाकभौरे एवं नारी अस्मिता)
260 _bVinay Prakashan
_aKanpur
_c2017
300 _a118p.
653 _aCriticism - Hindi Literature
653 _aCiriticism - Women's Identity
942 _cBK
999 _c110710
_d110709